000 00268nam a2200121 a 4500
008 100917s1973|||| d
245 1 0 _aObchádzka
100 1 _aDimitrová, B.
260 _bSmena
_aBratislava
_c1973
044 _axo
_cSK
041 _aslo
020 _c15
999 _c10462
_d10462